10 Best QBs of 24-25 season - 1min. - Statistics

General Stats
  • This quiz has been taken 29 times
    10 since last reset
  • The average score is 8 of 10
Answer Stats
Rank Rushing YDs Passing YDs Quarterback % Correct
1 915 4,172 Lamar Jackson
100%
7 389 3,928 Patrick Mahomes
100%
9 630 3,629 Jalen Hurts
86%
3 39 4,918 Joe Burrow
86%
2 82 3,731 Josh Allen
86%
5 891 3,303 Jayden Daniels
71%
8 45 3,965 Matthew Stafford
71%
10 216 4,319 Sam Darnold
71%
4 56 4,629 Jared Goff
57%
6 378 4,500 Baker Mayfield
43%
No matching quizzes found
Score Distribution
Percent of People with Each Score
Percentile by Number Answered
Your Score History
You have not taken this quiz since the last reset